[Event "BCF-chT4 0708 (4NCL)"]
[Site "England"]
[Date "2007.11.24"]
[Round "3.6"]
[White "Aniecko, Colin"]
[Black "Jeffries, Majid"]
[Result "1/2-1/2"]
[WhiteElo "1712"]
[BlackElo "2012"]
[PlyCount "125"]
[EventDate "2007.09.15"]
[EventType "team-swiss"]
[EventRounds "11"]
[EventCountry "ENG"]
[SourceTitle "EXT 2009"]
[Source "ChessBase"]
[SourceDate "2008.11.26"]
[SourceVersion "1"]
[SourceVersionDate "2008.11.26"]
[SourceQuality "1"]
[WhiteTeam "Athenaeum"]
[BlackTeam "Oxford II"]
[WhiteTeamCountry "ENG"]
[BlackTeamCountry "ENG"]

1. e4 c5 2. Nf3 d6 3. d4 cxd4 4. Qxd4 Nc6 5. Bb5 Bd7 6. Bxc6 Bxc6 7. Nc3 e6 8. Bg5 Qa5 9. 0-0-0 f6 10. Bh4 b5 11. Kb1 Rc8 12. Rhe1 e5 13. Qd2 Nh6 14. h3 Nf7 15. Nh2 Be7 16. g4 h5 17. Bg3 h4 18. Bf4 exf4 19. Qxf4 Ne5 20. Nd5 Bxd5 21. exd5 Qc7 22. Qd2 g5 23. b3 Kf7 24. Re2 Qc3 25. Qc1 Qb4 26. f3 Rhe8 27. Re4 Qc5 28. f4 gxf4 29. Rxf4 Rg8 30. Nf1 Bf8 31. g5 Rxg5 32. Rxh4 Bg7 33. Nd2 Qf2 34. Ne4 Qxh4 35. Nxd6+ Kg6 36. Nxc8 Qxh3 37. Nxa7 Qd7 38. Qe3 Rg4 39. Qb6 b4 40. Nb5 Bh6 41. a4 bxa3 42. Nxa3 Bf8 43. Rf1 Be7 44. c4 Rg3 45. Nc2 Qh3 46. Rg1 Rxg1+ 47. Qxg1+ Kf7 48. Qe3 Qf1+ 49. Kb2 Qf5 50. Kc3 Ng4 51. Qe2 Bd6 52. b4 Be5+ 53. Kb3 Qf4 54. c5 f5 55. Qd3 Nf2 56. Qe3 Qxe3+ 57. Nxe3 f4 58. Nf1 Ne4 59. Kc4 Ke7 60. b5 Kd7 61. b6 f3 62. c6+ Kc8 63. Kb5 1/2-1/2

[Event "BCF-chT4 0506 (4NCL)"]
[Site "West Bromwich"]
[Date "2006.05.29"]
[Round "11.2"]
[White "Bass, John W"]
[Black "Aniecko, Colin"]
[Result "1/2-1/2"]
[WhiteElo "2050"]
[BlackElo "1855"]
[PlyCount "51"]
[EventDate "2005.11.05"]
[EventType "team-tourn"]
[EventRounds "11"]
[EventCountry "ENG"]
[SourceTitle "CBM 109 Extra"]
[Source "ChessBase"]
[SourceDate "2006.01.03"]
[SourceVersion "2"]
[SourceVersionDate "2006.01.03"]
[SourceQuality "1"]
[WhiteTeam "Grendel's Mother"]
[BlackTeam "Athenaeum II"]
[WhiteTeamCountry "ENG"]
[BlackTeamCountry "ENG"]

1. d4 d5 2. Nf3 Bf5 3. c4 e6 4. Nc3 Nf6 5. Bg5 Be7 6. e3 Nbd7 7. Rc1 c6 8. h3 h6 9. Bf4 Qa5 10. Nd2 Qb6 11. Nb3 a5 12. cxd5 Nxd5 13. Nxd5 exd5 14. Bd3 Bb4+ 15. Kf1 Bxd3+ 16. Qxd3 Qa6 17. Qxa6 Rxa6 18. Nc5 Bxc5 19. dxc5 0-0 20. g4 Re8 21. h4 a4 22. Bc7 Re4 23. Rg1 Rb4 24. Rc2 f6 25. Ke2 Ne5 26. Bxe5 1/2-1/2

[Event "BCF-chT4 0506 (4NCL)"]
[Site "West Bromwich"]
[Date "2006.05.28"]
[Round "10.2"]
[White "Aniecko, Colin"]
[Black "Adams, Mark"]
[Result "1/2-1/2"]
[WhiteElo "1855"]
[BlackElo "2079"]
[PlyCount "57"]
[EventDate "2005.11.05"]
[EventType "team-tourn"]
[EventRounds "11"]
[EventCountry "ENG"]
[SourceTitle "CBM 109 Extra"]
[Source "ChessBase"]
[SourceDate "2006.01.03"]
[SourceVersion "2"]
[SourceVersionDate "2006.01.03"]
[SourceQuality "1"]
[WhiteTeam "Athenaeum II"]
[BlackTeam "Pontypridd"]
[WhiteTeamCountry "ENG"]
[BlackTeamCountry "ENG"]

1. e4 c5 2. Nf3 g6 3. d4 cxd4 4. Qxd4 Nf6 5. Nc3 Nc6 6. Qd1 d6 7. Bb5 Bd7 8. Bg5 Bg7 9. Qd2 a6 10. Bxc6 Bxc6 11. Bxf6 Bxf6 12. 0-0-0 Rc8 13. h4 0-0 14. Nd4 h5 15. f4 Qa5 16. Kb1 Qc5 17. g3 Rfe8 18. Rhf1 b5 19. Qd3 Bb7 20. f5 b4 21. Na4 Qe5 22. Rf4 Qxd4 23. Qxd4 Bxd4 24. Rxd4 a5 25. Rf2 Rc7 26. Nb6 Rb8 27. Nc4 Rc5 28. fxg6 fxg6 29. Ne3 1/2-1/2

[Event "BCF-chT4 0506 (4NCL)"]
[Site "West Bromwich"]
[Date "2006.02.11"]
[Round "5.2"]
[White "Tarr, Steve"]
[Black "Aniecko, Colin"]
[Result "1-0"]
[WhiteElo "1940"]
[BlackElo "1855"]
[PlyCount "59"]
[EventDate "2005.11.05"]
[EventType "team-tourn"]
[EventRounds "11"]
[EventCountry "ENG"]
[SourceTitle "CBM 109 Extra"]
[Source "ChessBase"]
[SourceDate "2006.01.03"]
[SourceVersion "2"]
[SourceVersionDate "2006.01.03"]
[SourceQuality "1"]
[WhiteTeam "Halesowen"]
[BlackTeam "Athenaeum II"]
[WhiteTeamCountry "ENG"]
[BlackTeamCountry "ENG"]

1. d4 d5 2. Nf3 Bf5 3. Bf4 e6 4. e3 Bd6 5. Ne5 f6 6. Nd3 Bxd3 7. Bxd3 f5 8. 0-0 h5 9. Be2 g6 10. Nd2 Nc6 11. Nf3 Qe7 12. Bb5 a6 13. Bxc6+ bxc6 14. Ne5 Bxe5 15. Bxe5 Nf6 16. c4 Kf7 17. Qa4 Qd7 18. Rac1 Rhc8 19. Rc2 h4 20. Rfc1 h3 21. cxd5 Qxd5 22. gxh3 Nd7 23. Rxc6 Nxe5 24. dxe5 Qxe5 25. Qh4 Ra7 26. Qh7+ Kf6 27. Qd7 Rh8 28. Rxc7 Rxc7 29. Rxc7 Kg5 30. f4+ 1-0

[Event "BCF-chT4 0506 (4NCL)"]
[Site "West Bromwich"]
[Date "2005.12.03"]
[Round "3.5"]
[White "Valentine, Brian J"]
[Black "Aniecko, Colin"]
[Result "1-0"]
[WhiteElo "1990"]
[BlackElo "1855"]
[PlyCount "101"]
[EventDate "2005.11.05"]
[EventType "team-tourn"]
[EventRounds "11"]
[EventCountry "ENG"]
[SourceTitle "CBM 109 Extra"]
[Source "ChessBase"]
[SourceDate "2006.01.03"]
[SourceVersion "2"]
[SourceVersionDate "2006.01.03"]
[SourceQuality "1"]
[WhiteTeam "FCA Solutions II"]
[BlackTeam "Athenaeum II"]
[WhiteTeamCountry "ENG"]
[BlackTeamCountry "ENG"]

1. e4 d5 2. exd5 Qxd5 3. Nc3 Qa5 4. Bc4 Nf6 5. d3 c6 6. Bd2 Bf5 7. Nf3 e6 8. 0-0 Be7 9. Nd5 Qd8 10. Nxe7 Qxe7 11. Ne5 Nbd7 12. Nxd7 Qxd7 13. Qf3 0-0 14. Qg3 a5 15. a4 Bg6 16. Bb3 Nd5 17. d4 Nf6 18. Qe5 b6 19. Rad1 Ra7 20. Rfe1 Qc7 21. Qxc7 Rxc7 22. Bf4 Rd7 23. c3 Rfd8 24. h3 h6 25. Bc4 Bc2 26. Ra1 Nd5 27. Bg3 Nf6 28. f3 Nd5 29. Re2 Bg6 30. Bh2 Bh7 31. g4 g6 32. h4 Kf8 33. Kf2 Bg8 34. Be5 Re8 35. g5 h5 36. Bxd5 cxd5 37. Rc2 Rc8 38. b3 Rc6 39. c4 Rd8 40. Ke3 Rdc8 41. Kd3 Ke8 42. Rac1 dxc4+ 43. bxc4 Kd7 44. Rb1 Kd8 45. Rb5 Kd7 46. c5 Bh7 47. Rc4 bxc5 48. dxc5 Ra6 49. Rd4+ Ke8 50. Rb7 Bg8 51. Bf6 1-0

[Event "BCF-chT4 0506 (4NCL)"]
[Site "West Bromwich"]
[Date "2005.11.06"]
[Round "2.4"]
[White "Kenyon, Scott"]
[Black "Aniecko, Colin"]
[Result "1-0"]
[WhiteElo "1840"]
[BlackElo "1855"]
[PlyCount "80"]
[EventDate "2005.11.05"]
[EventType "team-tourn"]
[EventRounds "11"]
[EventCountry "ENG"]
[SourceTitle "CBM 109 Extra"]
[Source "ChessBase"]
[SourceDate "2006.01.03"]
[SourceVersion "2"]
[SourceVersionDate "2006.01.03"]
[SourceQuality "1"]
[WhiteTeam "Richmond II"]
[BlackTeam "Athenaeum II"]
[WhiteTeamCountry "ENG"]
[BlackTeamCountry "ENG"]

1. e4 d5 2. d4 dxe4 3. Nc3 Nf6 4. f3 exf3 5. Qxf3 c6 6. Bf4 Bg4 7. Qf2 Nbd7 8. h3 Bh5 9. g4 Bg6 10. Nf3 e6 11. Bg2 Nd5 12. Nxd5 cxd5 13. Nh4 Be7 14. Nxg6 hxg6 15. 0-0 0-0 16. Bg3 Rc8 17. Rae1 Nf6 18. c3 Bd6 19. Bh4 Be7 20. Qe2 a6 21. Bf3 b5 22. a3 Qd7 23. Qg2 Rce8 24. Re2 Bd6 25. Rfe1 Bb8 26. Kf2 Bc7 27. Bg5 Bd8 28. Bf4 g5 29. Bg3 Nh7 30. Qh2 f5 31. Bd6 Rf7 32. Bxd5 fxg4+ 33. Kg1 Bc7 34. Bxe6 Bxd6 35. Bxf7+ Qxf7 36. Rxe8+ Bf8 37. hxg4 Nf6 38. Rb8 Nxg4 39. Qg3 Qh5 40. Ree8 Kh7 1-0

[Event "BCF-chT4 0203 fin (4NCL)"]
[Site "Telford"]
[Date "2003.05.24"]
[Round "9.6"]
[White "Fraser, A Scott"]
[Black "Aniecko, Colin"]
[Result "0-1"]
[WhiteElo "1064"]
[BlackElo "1512"]
[PlyCount "100"]
[EventDate "2003.04.??"]
[EventType "team-tourn"]
[EventRounds "3"]
[EventCountry "ENG"]
[SourceTitle "EXT 2004"]
[Source "ChessBase"]
[SourceDate "2003.11.25"]
[SourceVersion "1"]
[SourceVersionDate "2003.11.25"]
[SourceQuality "1"]
[WhiteTeam "Sussex Mindsports"]
[BlackTeam "Athenaeum II"]
[WhiteTeamCountry "ENG"]
[BlackTeamCountry "ENG"]

1. d4 d5 2. c4 e6 3. Nc3 Nf6 4. e3 c5 5. cxd5 Nxd5 6. Nf3 a6 7. e4 Nxc3 8. bxc3 b5 9. Be3 c4 10. g3 Ba3 11. Bg2 Bb2 12. Rb1 Bxc3+ 13. Ke2 Bb7 14. Qc2 Ba5 15. Rhd1 Qe7 16. Bd2 Bxd2 17. Rxd2 0-0 18. Kf1 Rd8 19. Ne1 Nc6 20. Qc3 Rac8 21. d5 exd5 22. exd5 Nb8 23. Nc2 Qd6 24. Rbd1 Nd7 25. Ne3 b4 26. Qd4 c3 27. Rc2 Qc5 28. Qxc5 Nxc5 29. d6 Bxg2+ 30. Kxg2 Rc6 31. Rd4 Rb6 32. Re2 g6 33. Nc2 a5 34. Rd5 Nb7 35. d7 Kf8 36. Ne3 Rd6 37. Rxd6 Nxd6 38. Re1 Nb7 39. Rd1 Ke7 40. Kf1 Rxd7 41. Ke2 Rxd1 42. Kxd1 Kd6 43. Kc2 Kc5 44. h3 f5 45. h4 Nd6 46. Nd1 Ne4 47. Kd3 a4 48. Kc2 Kd4 49. Kc1 Kd3 50. f3 Nxg3 0-1

[Event "BCF-chT4 0203 (4NCL)"]
[Site "Telford"]
[Date "2003.03.08"]
[Round "5.4"]
[White "Djabri, Zafer M"]
[Black "Aniecko, Colin"]
[Result "1-0"]
[WhiteElo "1864"]
[BlackElo "1512"]
[PlyCount "49"]
[EventDate "2002.11.??"]
[EventType "team"]
[EventRounds "7"]
[EventCountry "ENG"]
[SourceTitle "EXT 2004"]
[Source "ChessBase"]
[SourceDate "2003.11.25"]
[SourceVersion "1"]
[SourceVersionDate "2003.11.25"]
[SourceQuality "1"]
[WhiteTeam "Metropolitan"]
[BlackTeam "Athenaeum II"]
[WhiteTeamCountry "ENG"]
[BlackTeamCountry "ENG"]

1. c4 e5 2. Nc3 Bc5 3. Nf3 d6 4. e3 Bg4 5. d4 exd4 6. exd4 Bb6 7. Be2 h6 8. 0-0 Ne7 9. Be3 Nf5 10. Qd2 c6 11. Bf4 Bxf3 12. Bxf3 Nxd4 13. Rfe1+ Kf8 14. Bg4 c5 15. Nb5 Nxb5 16. cxb5 d5 17. Bf3 Ba5 18. Qc2 Bxe1 19. Qxc5+ Kg8 20. Rxe1 Nd7 21. Qxd5 Nb6 22. Qxb7 Qf6 23. Bc7 Kh7 24. Qe4+ Kg8 25. Bxb6 1-0

[Event "Southend op"]
[Site "London"]
[Date "2001.04.15"]
[Round "5"]
[White "Evans, Helen I"]
[Black "Aniecko, Colin"]
[Result "1/2-1/2"]
[WhiteElo "1400"]
[BlackElo "1384"]
[PlyCount "40"]
[EventDate "2001.04.13"]
[EventType "swiss"]
[EventRounds "7"]
[EventCountry "ENG"]
[SourceTitle "EXT 2006"]
[Source "ChessBase"]
[SourceDate "2005.11.24"]
[SourceVersion "1"]
[SourceVersionDate "2005.11.24"]
[SourceQuality "1"]

1. d4 d5 2. c4 e6 3. Nf3 Bb4+ 4. Bd2 Bxd2+ 5. Qxd2 Nc6 6. Nc3 h6 7. e3 Nf6 8. cxd5 Nxd5 9. Rc1 Nxc3 10. Qxc3 0-0 11. Bd3 Bd7 12. 0-0 Rc8 13. Bb1 Ne7 14. Ne5 Bc6 15. Qd3 g6 16. Rc5 Kg7 17. f4 a6 18. Nxc6 Nxc6 19. Rf3 f5 20. Qc3 Kh7 1/2-1/2

[Event "Southend op"]
[Site "London"]
[Date "2001.04.14"]
[Round "4"]
[White "Aniecko, Colin"]
[Black "Monk, George H"]
[Result "1/2-1/2"]
[WhiteElo "1384"]
[BlackElo "1656"]
[PlyCount "74"]
[EventDate "2001.04.13"]
[EventType "swiss"]
[EventRounds "7"]
[EventCountry "ENG"]
[SourceTitle "EXT 2006"]
[Source "ChessBase"]
[SourceDate "2005.11.24"]
[SourceVersion "1"]
[SourceVersionDate "2005.11.24"]
[SourceQuality "1"]

1. e4 g6 2. d4 d6 3. Nf3 Bg7 4. Be3 c6 5. Nc3 Qc7 6. Be2 Nd7 7. 0-0 h5 8. Qd3 b5 9. a3 a6 10. Rfe1 Bb7 11. Rab1 Rd8 12. d5 Nc5 13. Bxc5 dxc5 14. Qe3 cxd5 15. Nxd5 Bxd5 16. exd5 Nf6 17. c4 0-0 18. h3 Rfe8 19. Ng5 Rd6 20. b3 Bh6 21. Kh1 bxc4 22. Bxc4 Nxd5 23. Bxd5 Rxd5 24. Ne6 Qh2+ 25. Kxh2 Bxe3 26. Rxe3 fxe6 27. Rxe6 Rd2 28. Rxg6+ Kh7 29. Rxa6 Rxf2 30. Ra5 e5 31. Rxc5 e4 32. Re1 e3 33. Rc3 e2 34. Kg1 Ref8 35. Rf3 R2xf3 36. gxf3 Rxf3 37. Rxe2 Rxb3 1/2-1/2